000 00228nam a2200097Ia 4500
005 20251222114342.0
008 251222s1900||||xx |||||||||||||| ||spa||
082 _aDVD0170/E11/2008
245 0 _aChangeling:El intercambio
942 _cDVD
999 _c909
_d909